• 首页
  • 本馆介绍
  • 公告通知
  • 最新文献
  • 馆藏检索
  • 电子资源
  • 读者导购
  • 参考咨询
  • 我的图书馆
  • 登录
  • 详细信息显示
  • 放入我的书架
  • 预约/预借图书
  • 作者相关作品
  • 分类相关作品
  • 丛书相关作品
  • 出版社相关作品

书目信息

  • 表格格式
  • 工作单格式
  • 卡片格式
题名:
保护视力 预防近视
    
 
作者: 上海市眼病皮肤病防治所 编
分册:  
出版信息: 上海   上海人民出版社  1973
页数: 68页
开本: 19cm
丛书名:
单 册:
中图分类: R770.1
科图分类: 64.511
主题词: 眼病--防治--问答
电子资源:
ISBN:
000 00762nam0 2200253 45
001 0190004019
005 20070803094632.56
010    @dCNY0.08
091    @a14171.24
100    @a19921105d1973 em y0chiy0121 ea
101 0  @achi
102    @aCN@b310000
102    @aCN@b310000
105    @ay z 000yy
200 10 @a保护视力 预防近视@Abao hu shi li yu fang jin shi@f上海市眼病皮肤病防治所编@Fshang hai shi yan bing pi fu bing fang zhi suo bian
205    @a2版
210    @a上海@c上海人民出版社@d1973
215    @a68页@d19cm
606    @a眼病@x防治@x问答
690    @aR770.1@v3
692    @a64.511
701  0 @a上海市眼病皮肤病防治所@Ashang hai shi yan bing pi fu bing fang zhi suo@4编
801  0 @aCN@bTSSF@c20070803
905    @a10447@dR770.1@e9=2
    
    保护视力 预防近视/上海市眼病皮肤病防治所编.-2版.-上海:上海人民出版社,1973
    68页;19cm
    
    
    ISBN :CNY0.08
    
●
相关链接 在E读中查询图书 在五车中查询图书 在当当中查询图书 在豆瓣中查询图书


正题名:保护视力 预防近视     索取号:R770.1/9=2         预约/预借

序号 登录号 条形码 馆藏地/架位号 状态 备注
1 0790690   207906907   第二样本阅览室/ [索取号:R770.1/9=2] 在馆    
唐山师范学院图书馆 欢迎您!
大连网信软件有限公司© 版权所有